[Event "14th Reykjavik op"]
[Site "Reykjavik ISL"]
[Date "1990.03.23"]
[Round "6"]
[White "Geller, Efim"]
[Black "Vaganian, Rafael"]
[Result "1/2-1/2"]
[WhiteElo "2515"]
[BlackElo "2605"]
[EventDate "1990.03.17"]
[PlyCount "49"]

1.e4 e6 2.d4 d5 3.Nd2 c5 4.exd5 exd5 5.Ngf3 Nc6 6.Bb5 Bd6 7.dxc5 Bxc5 8.
O-O Ne7 9.Nb3 Bd6 10.Re1 O-O 11.Bg5 Bg4 12.c3 h6 13.Bh4 Re8 14.Bg3 Bxg3 
15.hxg3 Qb6 16.Be2 Nf5 17.Qxd5 Nxg3 18.Bc4 Be6 19.Rxe6 fxe6 20.Qd3 Kh8 21.
Re1 Nh5 22.Nh4 Nf4 23.Qe4 Rf8 24.Re3 Qd8 25.Bd3 1/2-1/2

[Event "14th Reykjavik op"]
[Site "Reykjavik ISL"]
[Date "1990.03.23"]
[Round "6"]
[White "Stefansson, Hannes Hlifar"]
[Black "Browne, Walter Shawn"]
[Result "0-1"]
[WhiteElo "2420"]
[BlackElo "2560"]
[EventDate "1990.03.17"]
[PlyCount "78"]

1.c4 e5 2.Nc3 Nc6 3.g3 g6 4.Bg2 Bg7 5.Rb1 a5 6.a3 f5 7.d3 Nf6 8.e4 d6 9.
Nge2 O-O 10.O-O fxe4 11.dxe4 Be6 12.Nd5 a4 13.Nec3 Na5 14.Nxa4 Nxc4 15.b3 
Na5 16.b4 Nc4 17.b5 c6 18.Ndc3 Qc7 19.Qe2 Kh8 20.bxc6 Qxc6 21.Qc2 Ra5 22.
Qd3 b5 23.Nb2 Nxa3 24.Ra1 b4 25.Ne2 d5 26.Qb3 Qb5 27.Re1 Re8 28.Bd2 Bf8 
29.exd5 Nxd5 30.Qd3 Qxd3 31.Nxd3 Rb5 32.Bxd5 Rxd5 33.Bxb4 Rxd3 34.Bxf8 
Rxf8 35.Nc1 Rdf3 36.Rxe5 Bh3 37.Ne2 Nc2 38.Rc1 Nb4 39.Nf4 R3xf4 0-1

[Event "14th Reykjavik op"]
[Site "Reykjavik ISL"]
[Date "1990.03.23"]
[Round "6"]
[White "De Firmian, Nick"]
[Black "Azmaiparashvili, Zurab"]
[Result "1-0"]
[WhiteElo "2565"]
[BlackElo "2610"]
[EventDate "1990.03.17"]
[PlyCount "100"]

1.e4 d6 2.d4 g6 3.Nc3 Bg7 4.f4 Nc6 5.Be3 Nf6 6.Nf3 O-O 7.e5 Ng4 8.Bg1 Nh6 
9.h3 f6 10.d5 Nb4 11.a3 Na6 12.e6 c6 13.Bxa6 bxa6 14.Nd4 c5 15.Nc6 Qc7 16.
Qf3 f5 17.g4 Kh8 18.g5 Ng8 19.h4 h5 20.gxh6 Bxc3+ 21.Qxc3+ Nf6 22.O-O-O 
Kh7 23.h5 Rg8 24.hxg6+ Rxg6 25.Qa5 Qxa5 26.Nxa5 Rb8 27.Nc6 Rb7 28.c4 a5 
29.Nxa5 Rc7 30.Bf2 Ba6 31.Bh4 Ng4 32.b3 Bb7 33.Kd2 Ba8 34.Rdg1 Rg8 35.Be1 
Rcc8 36.Rh5 Nf6 37.Rxg8 Rxg8 38.Rxf5 Rg4 39.Ke2 Kxh6 40.Kf3 Rg6 41.Bh4 Nh7
42.Kf2 Rg7 43.Rf7 Rxf7 44.exf7 Kg7 45.Bxe7 Kxf7 46.Bxd6 Nf6 47.Kf3 Nd7 48.
f5 Kf6 49.Kf4 a6 50.Nc6 Bb7 1-0

[Event "14th Reykjavik op"]
[Site "Reykjavik ISL"]
[Date "1990.03.24"]
[Round "7"]
[White "Dolmatov, Sergei"]
[Black "Makarichev, Sergei"]
[Result "1-0"]
[WhiteElo "2620"]
[BlackElo "2510"]
[EventDate "1990.03.17"]
[PlyCount "81"]

1.e4 e5 2.Nf3 Nf6 3.d4 Nxe4 4.Bd3 d5 5.Nxe5 Nd7 6.Nxd7 Bxd7 7.O-O Qh4 8.c4
O-O-O 9.c5 g5 10.f3 Nf6 11.Be3 Re8 12.Qd2 Rxe3 13.Qxe3 Nh5 14.Rd1 Bg7 15.
Bf1 g4 16.c6 bxc6 17.fxg4 Re8 18.Qd3 Bxg4 19.Nc3 Bxd1 20.Rxd1 Qg5 21.Kh1 
Nf6 22.Be2 h5 23.b4 Ng4 24.Bxg4+ hxg4 25.Qa6+ Kd7 26.b5 Qh6 27.bxc6+ Qxc6 
28.Qd3 Qe6 29.Rf1 c6 30.Na4 Kd8 31.Nc5 Qe2 32.Qb1 Qb5 33.Qf5 Re7 34.a4 Qb4
35.Qf4 Bxd4 36.Qd6+ Ke8 37.Qxc6+ Kf8 38.Qc8+ Re8 39.Ne6+ Ke7 40.Qc7+ Kxe6 
41.Qxf7+ 1-0

[Event "14th Reykjavik op"]
[Site "Reykjavik ISL"]
[Date "1990.03.24"]
[Round "7"]
[White "Wessman, Richard"]
[Black "Gausel, Einar"]
[Result "0-1"]
[WhiteElo "2505"]
[BlackElo "2440"]
[EventDate "1990.03.17"]
[PlyCount "76"]

1.d4 f5 2.g3 Nf6 3.Bg2 g6 4.Nc3 d5 5.Bg5 c6 6.Bxf6 exf6 7.e3 Be6 8.Nge2 
Nd7 9.Nb1 Bd6 10.Nd2 Qe7 11.Rc1 Nb6 12.b3 Ba3 13.Rb1 a5 14.O-O h5 15.c4 h4
16.Nf4 hxg3 17.fxg3 Bf7 18.Qe2 g5 19.Nd3 Bg6 20.Rf2 O-O-O 21.c5 Nd7 22.b4 
f4 23.e4 Qh7 24.gxf4 Qxh2+ 25.Kf1 gxf4 26.Nxf4 Rdg8 27.Nxg6 Rxg6 28.Nf3 
Qh7 29.b5 dxe4 30.bxc6 Rxg2 31.cxd7+ Kd8 32.Nh4 Rxf2+ 33.Qxf2 Qxh4 34.c6 
Qxf2+ 35.Kxf2 Rh2+ 36.Kg1 Rb2 37.Rxb2 Bxb2 38.d5 bxc6 0-1

[Event "14th Reykjavik op"]
[Site "Reykjavik ISL"]
[Date "1990.03.24"]
[Round "7"]
[White "Tangborn, Eric"]
[Black "Arkell, Keith"]
[Result "1/2-1/2"]
[WhiteElo "2355"]
[BlackElo "2460"]
[EventDate "1990.03.17"]
[PlyCount "112"]

1.d4 c5 2.d5 e5 3.e4 d6 4.Nc3 Be7 5.Nf3 a6 6.a4 Bg4 7.g3 Bxf3 8.Qxf3 Bg5 
9.Bxg5 Qxg5 10.h4 Qd8 11.Bh3 Ne7 12.O-O O-O 13.Ra3 Nd7 14.Rb3 Qc7 15.Ra1 
c4 16.Rba3 b6 17.Nd1 Rab8 18.Ne3 b5 19.axb5 axb5 20.h5 h6 21.Bxd7 Qxd7 22.
g4 Rfc8 23.Nf5 Nxf5 24.Qxf5 Qd8 25.Ra7 Rc7 26.R7a6 b4 27.Rc6 Rxc6 28.dxc6 
Qc7 29.Ra6 b3 30.cxb3 cxb3 31.Qd7 Rc8 32.Kg2 Kf8 33.Kf3 Qd8 34.Qxd8+ Rxd8 
35.Ke3 Ke7 36.Kd3 d5 37.c7 dxe4+ 38.Kxe4 Rd4+ 39.Kxe5 Rc4 40.Rb6 Rc5+ 41.
Kd4 Rxc7 42.Rxb3 g6 43.hxg6 fxg6 44.Rb6 Rc2 45.Ke3 h5 46.Rxg6 hxg4 47.b4 
Rc4 48.b5 Rb4 49.b6 Rb2 50.Rh6 Rb3+ 51.Kd4 Kd7 52.Ke5 g3 53.f4 g2 54.Rg6 
Rb5+ 55.Ke4 Rxb6 56.Rxg2 Ke7 1/2-1/2

[Event "14th Reykjavik op"]
[Site "Reykjavik ISL"]
[Date "1990.03.24"]
[Round "7"]
[White "Tisdall, Jonathan"]
[Black "Arkell, Susan"]
[Result "1-0"]
[WhiteElo "2480"]
[BlackElo "2270"]
[EventDate "1990.03.17"]
[PlyCount "68"]

1.d4 d5 2.c4 e6 3.Nf3 c5 4.cxd5 exd5 5.g3 Nc6 6.Bg2 Nf6 7.O-O Be7 8.Nc3 
O-O 9.b3 Ne4 10.Bb2 Bf6 11.Nxe4 dxe4 12.Nd2 Bxd4 13.Bxd4 Nxd4 14.Nxe4 Bg4 
15.f3 Bf5 16.e3 Ne6 17.Nd6 Qf6 18.Nxb7 Qc3 19.Qe1 Qe5 20.f4 Qc7 21.Qa5 Qe7
22.e4 Bg4 23.e5 Rab8 24.Nd6 Nd4 25.h3 Bh5 26.Rae1 g5 27.g4 gxf4 28.gxh5 
Nc2 29.Re4 f5 30.Rexf4 Qxe5 31.Nxf5 Nd4 32.Rxd4 Rxf5 33.Rd8+ Kg7 34.Rxf5 
1-0

[Event "14th Reykjavik op"]
[Site "Reykjavik ISL"]
[Date "1990.03.24"]
[Round "7"]
[White "Howell, James"]
[Black "Bjoernsson, Tomas"]
[Result "1-0"]
[WhiteElo "2450"]
[BlackElo "2300"]
[EventDate "1990.03.17"]
[PlyCount "80"]

1.e4 e5 2.Nf3 Nc6 3.Bb5 a6 4.Ba4 Nf6 5.O-O Be7 6.Re1 b5 7.Bb3 d6 8.c3 O-O 
9.h3 Be6 10.d4 Bxb3 11.axb3 exd4 12.cxd4 d5 13.e5 Ne4 14.Nc3 f5 15.exf6 
Bxf6 16.Nxe4 dxe4 17.Rxe4 Qd5 18.Rg4 Nb4 19.Bg5 Rad8 20.Qd2 c5 21.Qc3 h5 
22.Rg3 Bxd4 23.Nxd4 Qxd4 24.Bxd8 Rxd8 25.Rc1 Rd5 26.h4 Nd3 27.Rc2 Ne5 28.
Qxd4 Rxd4 29.Rg5 Rd1+ 30.Kh2 Ng4+ 31.Kh3 Rd3+ 32.f3 Rxb3 33.Rxh5 Ne3 34.
Rcxc5 Rxb2 35.Rhg5 b4 36.h5 Kh8 37.Rc8+ Kh7 38.Rc7 b3 39.Rgxg7+ Kh6 40.g4 
1-0

[Event "14th Reykjavik op"]
[Site "Reykjavik ISL"]
[Date "1990.03.24"]
[Round "7"]
[White "Hoei, Carsten"]
[Black "Olafsson, David"]
[Result "1/2-1/2"]
[WhiteElo "2445"]
[BlackElo "2260"]
[EventDate "1990.03.17"]
[PlyCount "64"]

1.d4 d5 2.Nf3 e6 3.c4 c5 4.cxd5 exd5 5.g3 Nc6 6.Bg2 c4 7.O-O Bb4 8.b3 cxb3
9.Qxb3 Nge7 10.Bg5 f6 11.Bd2 Qb6 12.Bxb4 Qxb4 13.Nc3 Qxb3 14.axb3 Bg4 15.
e3 O-O-O 16.b4 Kb8 17.b5 Nb4 18.Na4 b6 19.Rfb1 Nc2 20.Ra2 Rc8 21.h3 Bf5 
22.g4 Bd3 23.Rbb2 h5 24.g5 Rhf8 25.h4 Rc7 26.Bh3 Be4 27.Nd2 Ne1 28.Ra1 Nd3
29.Rba2 Nb4 30.Rb2 Nd3 31.Rba2 Nb4 32.Rb2 1/2-1/2

[Event "14th Reykjavik op"]
[Site "Reykjavik ISL"]
[Date "1990.03.24"]
[Round "7"]
[White "Thorhallsson, Throestur"]
[Black "Arnason, Throestur"]
[Result "1-0"]
[WhiteElo "2405"]
[BlackElo "2235"]
[EventDate "1990.03.17"]
[PlyCount "98"]

1.d4 d5 2.Nf3 c6 3.c4 e6 4.e3 f5 5.Nc3 Nf6 6.Bd3 Bd6 7.O-O O-O 8.Nd2 g5 9.
f3 Qc7 10.h3 Nh5 11.Ne2 Ng3 12.Nxg3 Bxg3 13.e4 Nd7 14.Nb3 h6 15.e5 dxc4 
16.Bxc4 Nb6 17.Bd3 Nd5 18.Bd2 b6 19.Bc4 Rd8 20.Rc1 Kh7 21.Rc2 Bb7 22.Nc1 
Bf4 23.Bxd5 Rxd5 24.Bxf4 gxf4 25.Ne2 Qd7 26.Qc1 Rc8 27.Nxf4 Rxd4 28.Nh5 
Qf7 29.Nf6+ Kg7 30.Rd1 Rcd8 31.Rxd4 Rxd4 32.Rd2 Rxd2 33.Qxd2 c5 34.Qd6 c4 
35.Qd8 Bc6 36.Qc8 Bb5 37.Kh2 f4 38.h4 h5 39.Kg1 Kg6 40.a4 Bxa4 41.Qxc4 Be8
42.Qxf4 Kg7 43.Qe4 Qg6 44.Qb7+ Bf7 45.Qxa7 Qb1+ 46.Kh2 Qe1 47.Nxh5+ Kg8 
48.Qa8+ Kh7 49.Qe4+ 1-0

[Event "14th Reykjavik op"]
[Site "Reykjavik ISL"]
[Date "1990.03.24"]
[Round "7"]
[White "Gudmundsson, Kristjan"]
[Black "Winsnes, Rikard"]
[Result "1-0"]
[WhiteElo "2210"]
[BlackElo "2385"]
[EventDate "1990.03.17"]
[PlyCount "80"]

1.e4 e6 2.d3 c5 3.Nf3 Nc6 4.g3 g6 5.Bg2 Bg7 6.O-O Nge7 7.Re1 d6 8.c3 e5 9.
a3 a5 10.a4 O-O 11.Na3 h6 12.Nb5 Kh7 13.d4 exd4 14.cxd4 cxd4 15.Nfxd4 d5 
16.Be3 dxe4 17.Bxe4 Ne5 18.Qe2 Ng8 19.Rac1 Nf6 20.Bg2 Ne8 21.Bf4 Nd7 22.h4
Qb6 23.Red1 Ndf6 24.Be3 Qa6 25.Qc2 Bd7 26.Nc7 Nxc7 27.Qxc7 Rac8 28.Qxb7 
Qxb7 29.Bxb7 Rxc1 30.Rxc1 Bxa4 31.Ra1 Bd7 32.Rxa5 Rb8 33.Ra7 Ng4 34.Bd5 
Nxe3 35.fxe3 Be8 36.Ra8 Rxa8 37.Bxa8 Bf8 38.Bc6 Bxc6 39.Nxc6 Kg7 40.Kf2 
1-0

[Event "14th Reykjavik op"]
[Site "Reykjavik ISL"]
[Date "1990.03.24"]
[Round "7"]
[White "Sigfusson, Sigurdur"]
[Black "Kristjansson, Olafur"]
[Result "0-1"]
[WhiteElo "2370"]
[BlackElo "2215"]
[EventDate "1990.03.17"]
[PlyCount "60"]

1.Nf3 Nf6 2.g3 b6 3.Bg2 Bb7 4.O-O c5 5.c4 Nc6 6.Nc3 e6 7.e4 d6 8.d4 cxd4 
9.Nxd4 Ne5 10.f4 Ned7 11.f5 e5 12.Ndb5 Qb8 13.Bg5 a6 14.Na3 Be7 15.Nc2 b5 
16.cxb5 axb5 17.Qe2 O-O 18.Nxb5 Bc6 19.Nca3 Qb6+ 20.Be3 Qb7 21.Rfd1 Rfb8 
22.Nxd6 Qxb2 23.Qxb2 Rxb2 24.Bc1 Rbb8 25.Nac4 Ba4 26.Rd2 Bb3 27.Rb2 Bxc4 
28.Rxb8+ Rxb8 29.Nxc4 Rb4 30.Ba3 Bc5+ 0-1

[Event "14th Reykjavik op"]
[Site "Reykjavik ISL"]
[Date "1990.03.24"]
[Round "7"]
[White "Bewersdorff, Oliver"]
[Black "Bergsson, Snorri"]
[Result "0-1"]
[WhiteElo "2325"]
[BlackElo "2230"]
[EventDate "1990.03.17"]
[PlyCount "56"]

1.d4 e6 2.c4 f5 3.g3 Nf6 4.Bg2 d5 5.Nf3 c6 6.O-O Bd6 7.b3 Qe7 8.Bb2 b6 9.
Ne5 Bb7 10.Nd2 Ne4 11.Ndf3 Nd7 12.Nd3 Rd8 13.Qc2 h5 14.Nfe5 Bxe5 15.dxe5 
h4 16.f3 hxg3 17.fxe4 dxe4 18.hxg3 exd3 19.exd3 Qg5 20.Rf3 c5 21.Raf1 Qh5 
22.R1f2 g5 23.Kf1 Bxf3 24.Rxf3 g4 25.Rf4 Nf8 26.b4 Qh2 27.Kf2 Rh3 28.Qa4+ 
0-1

[Event "14th Reykjavik op"]
[Site "Reykjavik ISL"]
[Date "1990.03.24"]
[Round "7"]
[White "Halldorsson, Bragi"]
[Black "Lamm, Steffen"]
[Result "1/2-1/2"]
[WhiteElo "2215"]
[BlackElo "2280"]
[EventDate "1990.03.17"]
[PlyCount "92"]

1.d4 Nf6 2.c4 e6 3.Nc3 c5 4.d5 exd5 5.cxd5 d6 6.e4 g6 7.f3 Bg7 8.Bg5 h6 9.
Be3 a6 10.a4 O-O 11.Qd2 Kh7 12.Nge2 Re8 13.Ng3 Nbd7 14.Be2 Rb8 15.O-O b6 
16.Kh1 Bb7 17.Rae1 Rc8 18.b3 Qe7 19.Bg1 h5 20.Bc4 h4 21.Nge2 Nh5 22.g4 
hxg3 23.hxg3 Rh8 24.Kg2 Ne5 25.Be3 Kg8 26.g4 Nf6 27.Rh1 Nfd7 28.Ng3 Qf6 
29.Rxh8+ Bxh8 30.Be2 Nxf3 31.Bxf3 Qxc3 32.Qf2 Bd4 33.Bxd4 Qxd4 34.Qxd4 
cxd4 35.Ne2 d3 36.Nd4 Ne5 37.Kf2 Kg7 38.g5 Rc7 39.Bd1 Rc3 40.Re3 Bc8 41.
Ke1 f6 42.Kd2 Rc7 43.Nf3 Nxf3+ 44.Bxf3 fxg5 45.Kxd3 Kf6 46.Kd4 1/2-1/2

[Event "14th Reykjavik op"]
[Site "Reykjavik ISL"]
[Date "1990.03.24"]
[Round "7"]
[White "Brendel, Oliver"]
[Black "Briem, Stefan"]
[Result "0-1"]
[WhiteElo "2360"]
[BlackElo "2215"]
[EventDate "1990.03.17"]
[PlyCount "84"]

1.e4 e5 2.Nf3 Nc6 3.Bc4 Nf6 4.d3 Be7 5.O-O O-O 6.c3 d5 7.exd5 Nxd5 8.Re1 
Nb6 9.Bb3 Bf6 10.Nbd2 Qxd3 11.Ne4 Qxd1 12.Nxf6+ gxf6 13.Bxd1 Be6 14.Bc2 
Ne7 15.Nh4 Nbd5 16.Bh6 Rfe8 17.Rad1 Kh8 18.h3 Rad8 19.a3 b5 20.Rd3 Ng6 21.
Rg3 Nxh4 22.Bg7+ Kg8 23.Bxf6+ Ng6 24.Bxd8 Rxd8 25.h4 Nf4 26.Rxe5 Rd2 27.
Bxg6 hxg6 28.Rf3 Ne2+ 29.Kh2 Rxb2 30.a4 bxa4 31.Ra5 Rb3 32.Rxa4 Rxc3 33.
Rxc3 Nxc3 34.Rxa7 c5 35.Kg3 c4 36.Kf4 Nd1 37.Rc7 Nxf2 38.Kg5 Kf8 39.h5 
gxh5 40.Kxh5 Ke8 41.Kg5 Kd8 42.Ra7 c3 0-1

[Event "14th Reykjavik op"]
[Site "Reykjavik ISL"]
[Date "1990.03.24"]
[Round "7"]
[White "Browne, Walter Shawn"]
[Black "Arnason, Jon"]
[Result "1/2-1/2"]
[WhiteElo "2560"]
[BlackElo "2500"]
[EventDate "1990.03.17"]
[PlyCount "107"]

1.d4 Nf6 2.c4 e6 3.Nf3 b6 4.g3 Ba6 5.Nbd2 d5 6.cxd5 exd5 7.Bg2 Bd6 8.O-O 
O-O 9.Re1 Bb7 10.Ne5 Nbd7 11.Ndc4 Be7 12.Bf4 Re8 13.Nxd7 Qxd7 14.Rc1 c5 
15.dxc5 Bxc5 16.Ne5 Qf5 17.Nd3 Bf8 18.Qa4 Re4 19.Qb5 Re7 20.Bd6 Qd7 21.
Qxd7 Rxd7 22.Bxf8 Kxf8 23.Ne5 Re7 24.Nf3 Rc8 25.Rxc8+ Bxc8 26.Rc1 Bg4 27.
Nd4 Re8 28.e3 Rc8 29.Rxc8+ Bxc8 30.Nb5 Bd7 31.Nxa7 Ne4 32.Bf1 Nd6 33.Bg2 
Ne4 34.Bf1 Nd6 35.b4 b5 36.Bg2 Ne4 37.Bf1 Nc3 38.f3 Ke7 39.Kf2 Nxa2 40.
Bxb5 Nxb4 41.Bxd7 Kxd7 42.Ke2 Kd6 43.Nb5+ Kc5 44.Nd4 Nc6 45.Nf5 g6 46.Nh6 
Nd8 47.g4 Kd6 48.g5 Ke6 49.Ng8 Nb7 50.Kf2 Nd6 51.Kg3 Ke5 52.Nf6 Nf5+ 53.
Kf2 h5 54.f4+ 1/2-1/2

[Event "14th Reykjavik op"]
[Site "Reykjavik ISL"]
[Date "1990.03.24"]
[Round "7"]
[White "Thorsteins, Karl"]
[Black "Benjamin, Joel"]
[Result "1/2-1/2"]
[WhiteElo "2455"]
[BlackElo "2530"]
[EventDate "1990.03.17"]
[PlyCount "120"]

1.d4 Nf6 2.c4 g6 3.Nc3 Bg7 4.e4 d6 5.f3 O-O 6.Be3 c5 7.d5 e6 8.Nge2 exd5 
9.cxd5 Nbd7 10.Ng3 a6 11.a4 h5 12.Be2 h4 13.Nf1 Nh7 14.g4 f5 15.gxf5 gxf5 
16.exf5 Ne5 17.Rg1 Kh8 18.f4 Nf7 19.Bd3 Nh6 20.Rg6 Bxf5 21.Bxf5 Nxf5 22.
Qc2 Rf6 23.Rxf6 Qxf6 24.Qe4 Qf7 25.O-O-O Re8 26.Qf3 b5 27.Bf2 Nf6 28.axb5 
axb5 29.Qh3 Qh5 30.Nd2 b4 31.Nb5 Nxd5 32.Qf3 Qxf3 33.Nxf3 Nde3 34.Re1 Bh6 
35.Nxh4 Nxh4 36.Bxh4 Bxf4 37.Kb1 d5 38.Bg3 Bxg3 39.hxg3 d4 40.Nd6 Rf8 41.
b3 Kg7 42.Ne4 Rf5 43.g4 Rd5 44.Kc1 Ng2 45.Rg1 Re5 46.Ng3 Nh4 47.Rh1 Nf3 
48.Rf1 Nh2 49.Rf4 Re1+ 50.Kd2 Rb1 51.Kc2 Rg1 52.Ne4 Nxg4 53.Nxc5 Ne3+ 54.
Kd3 Rd1+ 55.Ke2 Rc1 56.Ne6+ Kg6 57.Rxd4 Kf6 58.Nf4 Nf5 59.Rxb4 Rb1 60.Nd3 
Rxb3 1/2-1/2

[Event "14th Reykjavik op"]
[Site "Reykjavik ISL"]
[Date "1990.03.25"]
[Round "8"]
[White "Hansson, Dan"]
[Black "Arkell, Keith"]
[Result "1-0"]
[WhiteElo "2270"]
[BlackElo "2460"]
[EventDate "1990.03.17"]
[PlyCount "104"]

1.e4 d5 2.exd5 Nf6 3.d4 Nxd5 4.Nf3 Bg4 5.Be2 e6 6.O-O Bd6 7.Bg5 Be7 8.Bxe7
Qxe7 9.Ne5 Bxe2 10.Qxe2 O-O 11.c4 Nf6 12.Nc3 Nbd7 13.Nxd7 Qxd7 14.Rad1 c6 
15.Rd3 b5 16.b3 Rad8 17.Rfd1 Qb7 18.Rg3 bxc4 19.bxc4 g6 20.Qe5 Nd7 21.Qh5 
Kg7 22.Ne4 Qb2 23.Qa5 Qe2 24.Re1 Qxc4 25.Qxa7 Nf6 26.Nxf6 Kxf6 27.Rf3+ Kg7
28.h3 Qxd4 29.Qxd4+ Rxd4 30.Rc1 Rc8 31.Rfc3 Rd6 32.a4 Kf6 33.a5 Ke7 34.a6 
Kd7 35.Rb1 Rc7 36.Rb8 Rd1+ 37.Kh2 Ra1 38.Rd3+ Ke7 39.Rb6 h5 40.h4 c5 41.
Rc3 Ra4 42.g3 Kd7 43.Kg2 c4 44.Kf3 Rc6 45.Rb7+ Kd6 46.a7 Kc5 47.Rxf7 Kd4 
48.Re3 Ra2 49.Rd7+ Kc5 50.Ke4 Kb6 51.Rc3 e5 52.Rc2 1-0

[Event "14th Reykjavik op"]
[Site "Reykjavik ISL"]
[Date "1990.03.25"]
[Round "8"]
[White "Arnason, Jon"]
[Black "Gislason, Gudmundur"]
[Result "1-0"]
[WhiteElo "2500"]
[BlackElo "2225"]
[EventDate "1990.03.17"]
[PlyCount "76"]

1.e4 c5 2.Nf3 d6 3.d4 cxd4 4.Nxd4 Nf6 5.Nc3 e6 6.g4 h6 7.h4 Nc6 8.Rg1 h5 
9.gxh5 Nxh5 10.Bg5 Nf6 11.Be2 Qb6 12.Nb3 a6 13.h5 Qc7 14.f4 b5 15.Bf3 Qb6 
16.Rf1 Qe3+ 17.Qe2 Qxe2+ 18.Nxe2 Bb7 19.O-O-O Rc8 20.a3 Nd7 21.Rg1 a5 22.
Nc3 a4 23.Na1 b4 24.Nb5 bxa3 25.bxa3 f6 26.Bh4 Kf7 27.Bf2 Na5 28.Nxd6+ 
Bxd6 29.Rxd6 Rhd8 30.Rgd1 Ke7 31.Bg4 Rc6 32.e5 Rxd6 33.Rxd6 Bd5 34.Ra6 Nc4
35.Rxa4 Ra8 36.Rxa8 Bxa8 37.Be2 Nxa3 38.Kb2 1-0

[Event "14th Reykjavik op"]
[Site "Reykjavik ISL"]
[Date "1990.03.25"]
[Round "8"]
[White "Bergsson, Snorri"]
[Black "Wedberg, Tomas"]
[Result "1/2-1/2"]
[WhiteElo "2230"]
[BlackElo "2485"]
[EventDate "1990.03.17"]
[PlyCount "136"]

1.d4 Nf6 2.c4 e6 3.Nf3 d5 4.Nc3 Be7 5.cxd5 exd5 6.Bg5 c6 7.Qc2 Nbd7 8.e3 
O-O 9.Bd3 Re8 10.O-O Nf8 11.Rab1 Be6 12.b4 Rc8 13.Ne5 h6 14.Bf4 Nh5 15.Na4
Bd6 16.Nc5 Rc7 17.Nxe6 Rxe6 18.Bf5 Re8 19.Bg4 Nxf4 20.exf4 Ne6 21.Bxe6 
Rxe6 22.Rfe1 Re8 23.Re3 a6 24.a3 Rce7 25.Rbe1 a5 26.Qf5 f6 27.Ng4 Rxe3 28.
fxe3 Qe7 29.Qg6 Kf8 30.bxa5 Bxf4 31.g3 Bd6 32.Rf1 Qf7 33.Qd3 h5 34.Nf2 h4 
35.Kg2 Qe7 36.Ng4 hxg3 37.hxg3 Qe4+ 38.Qxe4 Rxe4 39.Kf3 Bxa3 40.Rb1 Re7 
41.Nf2 Ke8 42.Nd3 Kd8 43.Ra1 Bd6 44.a6 bxa6 45.Rxa6 Kd7 46.Ra8 f5 47.Rg8 
Ke6 48.Rc8 Rc7 49.Rg8 Kf6 50.Rd8 Be7 51.Ra8 g5 52.g4 fxg4+ 53.Kxg4 Bd6 54.
Rh8 Rg7 55.Rc8 Rh7 56.Rxc6 Rh4+ 57.Kf3 g4+ 58.Kf2 Ke7 59.Nf4 Bxf4 60.exf4 
Rh3 61.Rc7+ Ke6 62.f5+ Kxf5 63.Re7 Rf3+ 64.Kg2 Kg5 65.Re8 Kg6 66.Rd8 Rf5 
67.Kg3 Rg5 68.Kf4 1/2-1/2

[Event "14th Reykjavik op"]
[Site "Reykjavik ISL"]
[Date "1990.03.25"]
[Round "8"]
[White "Gudmundsson, Kristjan"]
[Black "Hoei, Carsten"]
[Result "1-0"]
[WhiteElo "2210"]
[BlackElo "2445"]
[EventDate "1990.03.17"]
[PlyCount "116"]

1.Nf3 Nf6 2.g3 g6 3.Bg2 Bg7 4.O-O O-O 5.d3 d6 6.e4 e5 7.Nbd2 Nc6 8.Nc4 h6 
9.c3 Be6 10.Re1 a5 11.a4 Nd7 12.Ne3 Nc5 13.Nd5 Bxd5 14.exd5 Ne7 15.d4 exd4
16.Nxd4 Qd7 17.Nb3 b6 18.Bf1 Nf5 19.Bb5 Qd8 20.Be3 Nxb3 21.Qxb3 h5 22.Qc4 
Be5 23.f4 Bg7 24.Qe4 Nh6 25.h3 Bf6 26.Kg2 Kg7 27.Rad1 Rh8 28.Rd2 Qc8 29.
Bd4 Qd8 30.Kf3 Nf5 31.Bf2 Qg8 32.Kg2 Qc8 33.Rde2 Nh6 34.Bd4 Qd8 35.Rd2 Nf5
36.Bf2 Rb8 37.Rde2 Qc8 38.Rh1 Nh6 39.Bd4 Qd8 40.Kf3 Ng8 41.Rhh2 Bxd4 42.
Qxd4+ Nf6 43.g4 Kh7 44.Rh1 Rf8 45.Rhe1 Ng8 46.Kg3 Qf6 47.Qxf6 Nxf6 48.Bc6 
hxg4 49.hxg4 Rbc8 50.g5 Nh5+ 51.Kg4 f6 52.Re7+ Kh8 53.f5 Ng7 54.fxg6 f5+ 
55.Kf3 f4 56.Rh1+ Kg8 57.Bd7 Rcd8 58.Rh7 1-0

[Event "14th Reykjavik op"]
[Site "Reykjavik ISL"]
[Date "1990.03.25"]
[Round "8"]
[White "Lamm, Steffen"]
[Black "Sigfusson, Sigurdur"]
[Result "1-0"]
[WhiteElo "2280"]
[BlackElo "2370"]
[EventDate "1990.03.17"]
[PlyCount "106"]

1.e4 e5 2.Nf3 Nc6 3.d4 exd4 4.Nxd4 Nf6 5.Nxc6 bxc6 6.Bd3 d6 7.O-O Be7 8.
Nc3 O-O 9.f4 d5 10.e5 Bc5+ 11.Kh1 Ng4 12.Qe1 f6 13.Na4 Nf2+ 14.Rxf2 Bxf2 
15.Qxf2 fxe5 16.Bd2 exf4 17.Bc3 Bg4 18.Nc5 f3 19.g3 Qg5 20.h4 Qh5 21.Qd4 
Rf7 22.Re1 Bh3 23.Re5 Qg4 24.Qxg4 Bxg4 25.Rg5 h5 26.Re5 f2 27.Bf1 Raf8 28.
Kh2 Bd1 29.Bd4 Bxc2 30.Rxh5 Re8 31.Re5 Rxe5 32.Bxe5 Bd1 33.Kg2 Bf3+ 34.
Kxf2 Bg4+ 35.Bf4 Re7 36.Nd3 Bf5 37.Nc5 Kf7 38.Bd3 Bxd3 39.Nxd3 Ke6 40.Kf3 
Rf7 41.h5 Rf8 42.g4 Kf6 43.g5+ Kf5 44.h6 gxh6 45.gxh6 d4 46.Bxc7 c5 47.b3 
Rc8 48.Bf4 a5 49.a4 Re8 50.Nxc5 Rc8 51.Ne4 Rh8 52.Nd6+ Ke6 53.Ke4 1-0

[Event "14th Reykjavik op"]
[Site "Reykjavik ISL"]
[Date "1990.03.25"]
[Round "8"]
[White "Kristjansson, Olafur"]
[Black "Tangborn, Eric"]
[Result "0-1"]
[WhiteElo "2215"]
[BlackElo "2355"]
[EventDate "1990.03.17"]
[PlyCount "120"]

1.e4 c5 2.Nf3 Nc6 3.d4 cxd4 4.Nxd4 g6 5.Nc3 Bg7 6.Be3 Nf6 7.Bc4 Qa5 8.O-O 
O-O 9.Bb3 d6 10.h3 Bd7 11.f4 Nxd4 12.Bxd4 Bc6 13.Qe1 Qb4 14.Rd1 Nxe4 15.
Bxg7 Kxg7 16.Nxe4 Qxe4 17.Qd2 Qf5 18.Rde1 Rfe8 19.Kh2 h5 20.c4 Rac8 21.Bc2
Qf6 22.f5 g5 23.h4 gxh4 24.b4 b5 25.Bd1 bxc4 26.Bxh5 c3 27.Qf4 Bd5 28.Qg4+
Kf8 29.Bg6 c2 30.Qh5 c1=Q 31.Rxc1 Rxc1 32.Qh6+ Qg7 33.Qxc1 fxg6 34.fxg6+ 
Kg8 35.Qg5 Qe5+ 36.Qxe5 dxe5 37.Rf5 Bxa2 38.Rxe5 Bc4 39.Kh3 Kg7 40.Kxh4 
Kxg6 41.Rc5 Bf1 42.g4 Rh8+ 43.Kg3 a6 44.Rf5 Bb5 45.Kf4 Rc8 46.Rg5+ Kf6 47.
Rf5+ Ke6 48.Re5+ Kd6 49.Re3 Rf8+ 50.Kg5 e5 51.Kh6 Rg8 52.g5 Be8 53.Ra3 
Rg6+ 54.Kh5 Kd5 55.Kg4 Rb6 56.Kf3 Ke6 57.Ke3 Kf5 58.Ra5 Bb5 59.Ra2 Kxg5 
60.Ke4 Re6 0-1

[Event "14th Reykjavik op"]
[Site "Reykjavik ISL"]
[Date "1990.03.25"]
[Round "8"]
[White "Arnason, Throestur"]
[Black "Bewersdorff, Oliver"]
[Result "0-1"]
[WhiteElo "2235"]
[BlackElo "2325"]
[EventDate "1990.03.17"]
[PlyCount "64"]

1.d4 Nf6 2.c4 g6 3.Nf3 Bg7 4.g3 O-O 5.Bg2 d5 6.Qb3 Nc6 7.cxd5 Nxd5 8.e4 
Nb6 9.d5 Na5 10.Qc2 c6 11.dxc6 Nxc6 12.Bd2 Be6 13.Bc3 Rc8 14.Qd2 Nc4 15.
Qxd8 Rfxd8 16.b3 Na3 17.O-O Nc2 18.Bxg7 Kxg7 19.Nbd2 Nxa1 20.Rxa1 Nd4 21.
Nxd4 Rxd4 22.Nf1 b6 23.Ne3 Rd3 24.Bf1 Rdc3 25.Bc4 Bxc4 26.bxc4 Ra3 27.Rd1 
Rxa2 28.Rd7 e6 29.g4 h6 30.h4 g5 31.Kf1 gxh4 32.f4 h3 0-1

[Event "14th Reykjavik op"]
[Site "Reykjavik ISL"]
[Date "1990.03.25"]
[Round "8"]
[White "Briem, Stefan"]
[Black "Bjoernsson, Tomas"]
[Result "0-1"]
[WhiteElo "2215"]
[BlackElo "2300"]
[EventDate "1990.03.17"]
[PlyCount "100"]

1.e4 e5 2.Ne2 Nc6 3.f4 exf4 4.Nxf4 Nf6 5.Bc4 Bc5 6.c3 Ne5 7.Qe2 Nxc4 8.
Qxc4 Qe7 9.Kd1 d6 10.Re1 Bg4+ 11.Kc2 O-O-O 12.d4 Bb6 13.Nd5 Nxd5 14.Qxd5 
Qh4 15.Rf1 Be6 16.Qb5 Qxe4+ 17.Qd3 Qxg2+ 18.Nd2 g6 19.a4 a6 20.a5 Ba7 21.
Qf3 Qxf3 22.Nxf3 Bf5+ 23.Kd1 Bd3 24.Rf2 f5 25.Be3 c5 26.Kd2 Bc4 27.h4 Rhf8
28.Bh6 Rfe8 29.h5 Re4 30.Rg1 Rg4 31.hxg6 Rxg1 32.Nxg1 hxg6 33.Rg2 Rg8 34.
Ke3 cxd4+ 35.cxd4 Kd7 36.Nf3 Bd5 37.Rg3 Re8+ 38.Kf2 Bxf3 39.Kxf3 Bxd4 40.
Rxg6 Bxb2 41.Be3 Bc3 42.Bb6 Kc6 43.Rg1 Bb4 44.Rg7 Rc8 45.Kf4 Bc5 46.Bxc5 
dxc5 47.Rg6+ Kb5 48.Rb6+ Kxa5 49.Rxb7 c4 50.Ke3 c3 0-1

[Event "14th Reykjavik op"]
[Site "Reykjavik ISL"]
[Date "1990.03.25"]
[Round "8"]
[White "Karason, Askell Oern"]
[Black "Sigurpalsson, Runar"]
[Result "1/2-1/2"]
[WhiteElo "2250"]
[BlackElo "2220"]
[EventDate "1990.03.17"]
[PlyCount "82"]

1.d4 Nf6 2.c4 e6 3.Nc3 d5 4.cxd5 exd5 5.Bg5 c6 6.e3 Be7 7.Qc2 O-O 8.Bd3 
Nbd7 9.Nge2 b5 10.O-O Bb7 11.Rad1 a6 12.Ng3 h6 13.Bf4 g5 14.Be5 Nxe5 15.
dxe5 Ng4 16.Qe2 Nxe5 17.Qh5 Nxd3 18.Rxd3 Bc8 19.Qxh6 Qd6 20.Qh5 Kg7 21.e4 
b4 22.Nce2 Rh8 23.Qf3 Qh6 24.h3 dxe4 25.Qxe4 Qg6 26.Rc1 Qxe4 27.Nxe4 Bf5 
28.N2g3 Bxe4 29.Nxe4 Rh6 30.Ng3 Re6 31.Nf5+ Kf8 32.Kf1 Bf6 33.Rc2 Rc8 34.
Rd7 Ke8 35.Rb7 a5 36.Ra7 Rd8 37.g4 Rd5 38.Ra8+ Kd7 39.Ra7+ Ke8 40.Ra8+ Kd7
41.Ra7+ Ke8 1/2-1/2

[Event "14th Reykjavik op"]
[Site "Reykjavik ISL"]
[Date "1990.03.25"]
[Round "8"]
[White "Geller, Efim"]
[Black "Sokolov, Andrei"]
[Result "0-1"]
[WhiteElo "2515"]
[BlackElo "2585"]
[EventDate "1990.03.17"]
[PlyCount "74"]

1.e4 c5 2.Nf3 e6 3.d4 cxd4 4.Nxd4 Nf6 5.Nc3 d6 6.Be2 Be7 7.O-O O-O 8.f4 
Nc6 9.Be3 a6 10.Qe1 Nxd4 11.Bxd4 b5 12.Rd1 Bb7 13.Bf3 Qc7 14.e5 dxe5 15.
fxe5 Nd7 16.Bxb7 Qxb7 17.Ne4 Qc7 18.c3 Nxe5 19.Qg3 f6 20.Nxf6+ Bxf6 21.
Rde1 Qe7 22.Bxe5 Bh4 23.Qg4 Bxe1 24.Rxe1 Rf5 25.h3 Rg5 26.Qe4 Rf8 27.Re3 
Qd7 28.h4 Qd1+ 29.Re1 Rg4 30.Qe3 Qd5 31.Bg3 Qxa2 32.Kh2 Qd5 33.Qb6 Rg6 34.
Re5 Qc4 35.Qe3 h6 36.Rc5 Qg4 37.Re5 Rf1 0-1